000 00537nam a2200193Ia 4500
005 20250508164125.0
008 008 250505s9999 xx 000 0 eng d
020 _a0-415-25397-7
037 _aTextual
040 _aFEDL
_beng
_cFEDL
041 _aeng
_2eng
084 _a070, MCL
_qFEDL
100 _aMcLuhan Marshall
245 0 _aUnderstanding media: The extensions of man
260 _aLondon, UK
_bRoutledge and Kegan Paul
_c1964
300 _avi,392p.
942 _cTEXL
_h070, MCL
999 _c1387184
_d1387184